| 000 | 01536nam a22004697a 4500 | ||
|---|---|---|---|
| 001 | 11330656 | ||
| 003 | OSt | ||
| 005 | 20220407041340.0 | ||
| 007 | t| | ||
| 008 | 151202b xxu||||| |||| 00| 0 eng d | ||
| 010 |
_a 87648075 _zsn 86011767 |
||
| 016 | 7 |
_a9886313 _2DNLM |
|
| 016 | 7 |
_aSR0074156 _2DNLM |
|
| 022 | 0 |
_a0890-4480 _l0890-4480 _21 |
|
| 035 | _a(OCoLC)ocm14229102 | ||
| 037 | _bWorld Book, Inc., Merchandise Mart Plaza, Chicago, IL 60654 | ||
| 040 |
_aMMU _beng _cMMU _dMMU _dMMU _dMMU |
||
| 042 |
_ansdp _apcc |
||
| 050 | 0 | 0 |
_aRA431 _b.W65 |
| 082 | 0 | 0 |
_a610 _219 |
| 210 | 0 | _aWorld Book health med. annu. | |
| 222 | 4 | _aThe World Book health & medical annual | |
| 245 | 0 | 4 | _aThe World Book health & medical annual. |
| 246 | 3 | 0 | _aWorld Book health and medical annual |
| 246 | 3 | 0 | _aHealth & medical annual |
| 246 | 3 | 0 | _aHealth and medical annual |
| 260 |
_aChicago, Ill. : _bWorld Book, _cc1986- |
||
| 300 |
_av. : _bill. (some col.) ; _c26 cm. |
||
| 310 | _aAnnual | ||
| 362 | 0 | _a1987- | |
| 362 | 1 | _aCeased with 2001 ed. | |
| 588 | _aLatest issue consulted: 1988. | ||
| 590 | _aSERBIB/SERLOC merged record | ||
| 650 | 0 |
_aPublic health _xPopular works _vPeriodicals. |
|
| 650 | 0 |
_aMedicine, Popular _vPeriodicals. |
|
| 650 | 0 |
_aHealth _vPeriodicals. |
|
| 710 | 2 | _aWorld Book, Inc. | |
| 776 | 0 | 8 |
_iOnline version: _tWorld Book health & medical annual _w(OCoLC)597468989 |
| 906 |
_a7 _bcbc _cserials _d3 _encip _f19 _gn-oclcserc |
||
| 942 |
_2lcc _cREFERENCE |
||
| 999 |
_c15968 _d15968 |
||